000 01014nam a2200253Ia 4500
003 OSt
005 20220923224201.0
006 a|||||r|||| 00| 0
007 ta
008 220922b |||||||| |||| 00| 0 hin d
024 _a227,964
037 _cTextual
040 _aARTS
_cARTS
_bhin
041 _2hin
_ahin
082 _a/\2:864, 152M4;P1.1-.2-;3 (TTPS)
100 _aचतुर्वेदी, मुरलीधर, व्याख्
_9160981
245 0 _aबृहछैवज्ञर×ानम्
_b श्री मद्रामदीनदैवज्ञकृतम्
246 _aBṛuhachhaivagnara×ānam: shrī madrāmadīnadaivagnakṛutam
260 _aदिल्ली
_b मोतीलाल बनारसीदास
_c1974
300 _a714पृ.
_ccm.
500 _aRep. of 2001
942 _h/\2:864, 152M4;P1.1-.2-;3 (TTPS)
_cTEXL
_2CC
999 _c369793
_d369793